000 00509nam a2200217Ia 4500
003 0100
008 130303s9999 xx 000 0 und d
040 _cARRUPELIB
050 _aBJ1031.A66 2006
245 _aApplied Ethics
245 _ba multicultural approach
250 _a4th ed.
260 _aNew Jersey
260 _bPearson Prentice Hall
260 _C2006
300 _a684p.
300 _b 22cm
650 _bSynod of Bishops--Africa
700 _aMay, Larry et.al
942 _2lcc
_05
999 _c59797
_d59797